|
|
|
|
| LEADER |
01338nam a2200325 a 4500 |
| 001 |
15464684 |
| 008 |
101007r20102009njua b 001 0 eng d |
| 010 |
|
|
|a 2008042444
|
| 020 |
|
|
|a 9788131730683
|
| 020 |
|
|
|a 9780321534460 (pbk. : alk. paper)
|
| 020 |
|
|
|a 0321534468 (pbk. : alk. paper)
|
| 040 |
|
|
|a DLC
|c DLC
|d BTCTA
|d BAKER
|d UKM
|d C#P
|d BWX
|d YDXCP
|d DLC
|d BD-DhAAL
|
| 082 |
0 |
0 |
|a 005.1
|2 22
|
| 999 |
|
|
|c 9689
|d 9689
|
| 999 |
|
|
|c 9689
|
| 100 |
1 |
|
|a Crispin, Lisa.
|9 1283
|
| 245 |
1 |
0 |
|a Agile testing :
|b a practical guide for testers and agile teams /
|c Lisa Crispin, Janet Gregory.
|
| 260 |
|
|
|a Upper Saddle River, NJ ;
|a New Delhi :
|b Pearson/Addison-Wesley,
|c c2010.
|
| 300 |
|
|
|a xli, 533 p. :
|b ill. ;
|c 24 cm.
|
| 490 |
1 |
|
|a The Addison-Wesley signature series
|
| 500 |
|
|
|a "A Mike Cohn signature book"--Cover.
|
| 504 |
|
|
|a Includes bibliographical references (p. 501-508) and index.
|
| 541 |
1 |
|
|e 00021262
|
| 650 |
|
0 |
|a Computer software
|x Testing.
|9 1284
|
| 650 |
|
0 |
|a Agile software development.
|9 1285
|
| 700 |
1 |
|
|a Gregory, Janet.
|9 1286
|
| 830 |
0 |
|
|a Addison-Wesley signature series.
|9 1287
|
| 852 |
4 |
|
|a Ayesha Abed Library
|j General Shelf.
|
| 942 |
|
|
|2 ddc
|c BK
|
| 952 |
|
|
|0 0
|1 0
|2 ddc
|4 0
|6 005_100000000000000_CRI_2010
|7 0
|9 17144
|a BRACUL
|b BRACUL
|c GEN
|d 2011-06-07
|l 4
|m 6
|o 005.1 CRI
|p 3010021262
|r 2026-04-05
|s 2026-03-03
|t 1
|w 2011-06-07
|y BK
|